000 00642nam a2200193 i 4500
001 66042
003 ES-MaACL
005 20250826001226.0
007 t|
008 040126s1945 ag ||||1| spa d
100 1 _aFurlong, Guillermo.
_953045
245 1 0 _aMatemáticos argentinos durante la dominación hispánica /
_cGuillermo Furlong.
260 _aBuenos Aires :
_bHuarpés,
_c1945 (
_fTalleres Gráficos San Pablo)
300 _a256 p., 2 lám. :
_bil. ;
_c23 cm.
490 1 _aCultura colonial Argentina ;
_v3
830 0 0 _aCultura colonial argentina
_v3
_9182985
852 _aES-MaACL
_jA-2972
_bR.23039
999 _c66042
_d66042